00875nam a2200241 a 4500001001000000003000500010005001700015008004100032010001100073011001100084040000900095100002500104245012500129260004100254500006000295502007500355650003400430650002700464650003100491650001600522650002500538856007000563000109291CHAP20220329144045.0140415s2013 mx sm |||||||spa d a105753 a106725 cCHAP1 aTapia Franco, Karina10aPasta detoxificada de higuerilla (Ricinus communis L.) en la engorda de corderosh[En línea]cpor Karina Tapia Franco. aChapingo, Méx. :bEl autor,c2013. aPara ver el contenido del material haga clic en la liga aTesis (Ing. en Agroecología) -- UACH. Departamento de Agroecología14aGanado lanarxAlimentación.14aGanado lanarxEngorda.14aGanado lanarxNutrición.14aHiguerilla.14aPastas alimenticias. aFinding aiduhttp://10.13.5.2/tesis/sist109291.pdfzTeclea aquí